Elementos de lexicología griega con aplicación al tecnicismo médico : (Record no. 157613)

MARC details
000 -LEADER
campo de control de longitud fija 01149nam a2200241 i 4500
001 - NÚMERO DE CONTROL
campo de control 157613
003 - IDENTIFICADOR DE NÚMERO DE CONTROL
campo de control ES-MaACL
005 - FECHA Y HORA DE LA ÚLTIMA TRANSACCIÓN
campo de control 20240530062943.0
008 - DATOS DE LONGITUD FIJA--INFORMACIÓN GENERAL
campo de control de longitud fija 020723s1881 sp |||| | spa d
080 ## - NÚMERO DE LA CLASIFICACIÓN DECIMAL UNIVERSAL
Número de la Clasificación Decimal Universal 811.14'373
080 ## - NÚMERO DE LA CLASIFICACIÓN DECIMAL UNIVERSAL
Número de la Clasificación Decimal Universal 81'373.46:61
100 1# - ENTRADA PRINCIPAL--NOMBRE DE PERSONA
Nombre de persona Letamendi, José de,
Fechas asociadas al nombre 1828-1897
9 (RLIN) 71873
245 10 - MENCIÓN DEL TÍTULO
Título Elementos de lexicología griega con aplicación al tecnicismo médico :
Resto del título precédelas una introducción al cultivo de idiomas /
Mención de responsabilidad, etc. por José de Letamendi.
260 ## - PUBLICACIÓN, DISTRIBUCIÓN, ETC.
Lugar de publicación, distribución, etc. Madrid :
Nombre del editor, distribuidor, etc. [s.n.],
Fecha de publicación, distribución, etc. 1881 (
Fabricante Estab. Tip. de Eduardo Cuesta)
300 ## - DESCRIPCIÓN FÍSICA
Extensión 45 p., [1] h. pleg. ;
Dimensiones 23 cm.
530 ## - NOTA DISPONIBLE DE FORMULARIO FÍSICO ADICIONAL
Nota de formato físico adicional disponible Disponible en formato digital.
650 #4 - PUNTO DE ACCESO ADICIONAL DE MATERIA--TÉRMINO DE MATERIA
Término de materia o nombre geográfico como elemento de entrada Lengua griega-
Subdivisión general Lexicografía.
9 (RLIN) 14247
650 #4 - PUNTO DE ACCESO ADICIONAL DE MATERIA--TÉRMINO DE MATERIA
Término de materia o nombre geográfico como elemento de entrada Medicina-
Subdivisión general Terminología.
9 (RLIN) 153308
852 4# - LOCALIZACIÓN
Ubicación ES-MaACL
Número de control de estantería Fol-Laf-395
Nota libre - Legado Modesto Lafuente
852 4# - LOCALIZACIÓN
Ubicación ES-MaACL
Número de control de estantería T-360-F-16
Nota libre - Enc. hol., falto de cub. original
-- - Enc. en un vol. facticio
-- - Donativo Luis Morote
-- - Dedicatoria manuscrita del autor a Luis Morote
856 4# - LOCALIZACIÓN Y ACCESO ELECTRÓNICOS
Identificador Uniforme de Recursos <a href="http://bdh-rd.bne.es/viewer.vm?id=0000097588&page=1 ">http://bdh-rd.bne.es/viewer.vm?id=0000097588&page=1 </a>
Nota pública Biblioteca Digital Hispánica
Holdings
Estatus retirado Estado de pérdida Estado de daño No para préstamo Colección Biblioteca de origen Biblioteca actual Ubicación en estantería Fecha de adquisición Total de préstamos Signatura topográfica completa Código de barras Visto por última vez Precio de reemplazo Tipo de ítem Koha Fuente de adquisición
        Colección de folletos Biblioteca del Ateneo de Madrid Biblioteca del Ateneo de Madrid Depósito folletos 17/01/2008   T-360-F-16 1164937 23/02/2023 23/02/2023 Folleto  
        Colección de folletos Biblioteca del Ateneo de Madrid Biblioteca del Ateneo de Madrid Depósito folletos 17/01/2008   Fol-Laf-395 1164936 23/02/2023 23/02/2023 Folleto